Влияние продуктов реакции на процесс гидропероксидного эпоксидирования этиллилэтилакрилата в присуствии борида молибдена; Нефтехимия; Т. 43, № 5

التفاصيل البيبلوغرافية
Parent link:Нефтехимия: научный журнал/ Российская академия наук (РАН).— , 1963-.— 0028-2421
Т. 43, № 5.— 2003.— С. 386-390
المؤلف الرئيسي: Трач Ю. Б.
مؤلفون آخرون: Комаренсккая З. М., Никипанчук М. В.
اللغة:الروسية
منشور في: 2003
الموضوعات:
التنسيق: MixedMaterials فصل الكتاب
KOHA link:https://koha.lib.tpu.ru/cgi-bin/koha/opac-detail.pl?biblionumber=390289

MARC

LEADER 00000naa2a2200000 4500
001 390289
005 20231101063945.0
035 |a (RuTPU)RU\TPU\prd\23208 
090 |a 390289 
100 |a 20040225a2003 k y0rusy50 ca 
101 0 |a rus 
102 |a RU 
200 1 |a Влияние продуктов реакции на процесс гидропероксидного эпоксидирования этиллилэтилакрилата в присуствии борида молибдена  |f Ю. Б. Трач, З. М. Комаренсккая, М. В. Никипанчук 
320 |a Библиогр.: 8 назв. 
461 1 |0 (RuTPU)RU\TPU\prd\1600  |x 0028-2421  |t Нефтехимия  |o научный журнал  |f Российская академия наук (РАН)  |d 1963- 
463 1 |0 (RuTPU)RU\TPU\prd\20150  |t Т. 43, № 5  |v С. 386-390  |d 2003 
610 1 |a борид молибдена 
610 1 |a эпоксидирование 
610 1 |a гидропероксиды 
610 1 |a катализаторы 
610 1 |a спирт 
610 1 |a ингибиторы 
675 |a 547.71.07  |v 3 
700 1 |a Трач  |b Ю. Б. 
701 1 |a Комаренсккая  |b З. М. 
701 1 |a Никипанчук  |b М. В. 
801 1 |a RU  |b 63413507  |c 20040225  |g PSBO 
801 2 |a RU  |b 63413507  |c 20130723  |g RCR 
942 |c BK